00217nam a2200097Ia 4500008004100000100002100041245001100062260002200073942000700095999001700102190216s9999||||xx |||||||||||||| ||und|| aKrishna Kumar Kk 0aFitter bKerala Basha Inst cBK c37692d37692